Altres pobles, altres contes
Descripción Física:
11 p. : 21 cm
Materias:
Inmigrants
MARC
| LEADER | 00000nam a2200000Ia 4500 | ||
|---|---|---|---|
| 001 | 24602 | ||
| 008 | 160829s9999 xx 000 0 cat d | ||
| 080 | |a FU-66-24 | ||
| 245 | |a Altres pobles, altres contes | ||
| 260 | |a Barcelona : |b Diputació de Barcelona. Servei d'Esports i Turisme, [s.a.] | ||
| 300 | |a 11 p. : |b 21 cm | ||
| 650 | |a Inmigrants |9 49355 | ||
| 710 | |a Barcelona (Catalunya : Província). |b Àrea d'Esports |9 53827 | ||
| 901 | |a Arxiu | ||
| 942 | |n 1 | ||
| 952 | |0 0 |1 0 |4 0 |6 FU6624 |7 1 |9 55279 |a Arxiu |b Arxiu |d 2016-12-01 |l 0 |o FU-66-24 |p 24602 |r 2016-12-01 00:00:00 |w 2016-12-01 |y ARXIU | ||
| 999 | |c 59152 |d 59152 | ||